| 000 | 00772nam a2200229 i 4500 | ||
|---|---|---|---|
| 001 | 95353 | ||
| 003 | ES-MaACL | ||
| 005 | 20250702044729.0 | ||
| 007 | t| | ||
| 008 | 050526s1968 mx ||||1| spa d | ||
| 080 | _a821.111-31"18" | ||
| 100 | 1 |
_aLytton, Edward Bulwer Lytton _cBaron. _974965 |
|
| 245 | 1 | 4 |
_aLos últimos días de Pompeya / _cpor E.T. Bulwer ; traducidos por Isaac Núñez de Arenas. |
| 260 |
_aMéxico : _bEditora Nacional, _c1968. |
||
| 300 |
_a2 t. en 1 v. ; _c17 cm. |
||
| 490 | 1 |
_aColección económica ; _v74 |
|
| 651 | 4 |
_aPompeya (Ciudad desaparecida)- _vNovelas. _9173248 |
|
| 700 | 1 |
_aNúñez de Arenas, Isaac, _d1812-1869 _986181 |
|
| 830 | 1 |
_aColección económica ; _v74 _9182564 |
|
| 852 |
_aES-MaACL _jE-9827 |
||
| 999 |
_c95353 _d95353 |
||